00481nam a2200169Ia 450000500170000000800410001702000150005808200170007310000330009024500490012325000080017226000450018030000170022565000320024265000170027465000200029120240905021502.0240331s9999 xx 000 0 und d a0192614037 bCAMa613.042 aCameron, M. and Hofvander,Y 0aManual on feeding infants and young children a3rd aNew DelhibOxford University Pressc1983 axx, 214 p ., aPorteins in Human nutrition aChild Health aChild nutrition